000 00896nam a22002777a 4500
001 BR8002671
003 BR-BrBNA
005 20230928090611.0
007 ta
008 230509b bl.||||| |||| 00| 0 por d
040 _aBR-BrBNA
_bpor
_cBiblioteca Nacional de Agricultura
041 _a(Por)
072 _aD50; E70
_b/G514
090 _ D50 BR8002671
110 1 _aComissao de Financiamento da Producao, Brasilia, DF (Brasil)
_91989
245 1 _aTranscricao do Decreto no. 85058 de 19 de agosto de 1980, fixa os precos minimos basicos para financiamentos ou aquisicao de produtos de origem agricola, pecuaria e extrativa [Brasil]
260 3 _aBrasilia, DF (Brasil):
_c1980.
300 _a19 p.
500 _a18 tables
650 _aLegislacao
650 _aComercializacao
650 _aDecreto
650 _aPreco minimo
909 _a202309
_bLucia
_c55
_dLucia Elande
942 _cBK
999 _c29570
_d29570